The Modern united states army / (Record no. 125883)

MARC details
000 -LEADER
fixed length control field 00678nam a22002417a 4500
005 - DATE AND TIME OF LATEST TRANSACTION
control field 20170124110001.0
010 ## - LIBRARY OF CONGRESS CONTROL NUMBER
LC control number 755357
020 ## - INTERNATIONAL STANDARD BOOK NUMBER
Terms of availability 00.00
035 ## - SYSTEM CONTROL NUMBER
System control number 755357
037 ## - SOURCE OF ACQUISITION
Source of stock number/acquisition Cen Lib/Ret
040 ## - CATALOGING SOURCE
Original cataloging agency DPL
Language of cataloging EN
082 ## - DEWEY DECIMAL CLASSIFICATION NUMBER
Classification number 356.0973
Item number KLE
100 ## - MAIN ENTRY--PERSONAL NAME
Personal name Kleinman, Forest K.
9 (RLIN) 15854
245 ## - TITLE STATEMENT
Title The Modern united states army /
Statement of responsibility, etc by Forest K. Kleinman [and] Robert Horowitz
260 ## - PUBLICATION, DISTRIBUTION, ETC. (IMPRINT)
Place of publication, distribution, etc New York
Name of publisher, distributor, etc D.Van Nostrand
Date of publication, distribution, etc 1964
270 ## - ADDRESS
City New York
300 ## - PHYSICAL DESCRIPTION
Extent 217p.
Dimensions 24cm(Hb)
500 ## - GENERAL NOTE
General note Includes index
650 ## - SUBJECT ADDED ENTRY--TOPICAL TERM
Topical term or geographic name as entry element Army
9 (RLIN) 15855
650 ## - SUBJECT ADDED ENTRY--TOPICAL TERM
Topical term or geographic name as entry element Modern army
9 (RLIN) 15856
700 ## - ADDED ENTRY--PERSONAL NAME
Personal name Horowitz, Robert S.
9 (RLIN) 15857
942 ## - ADDED ENTRY ELEMENTS (KOHA)
Source of classification or shelving scheme Dewey Decimal Classification
Koha item type English Books
Classification part 356.0973
Call number suffix KLE
Holdings
Withdrawn status Lost status Damaged status Not for loan Home library Current library Date acquired Source of acquisition Cost, normal purchase price Total Checkouts Full call number Barcode Date last seen Copy number Cost, replacement price Price effective from Koha item type Public note
Written off       Central Library Central Library 23/06/2015 Cen Lib/Ret 0.00   356.0973 KLE 755357 23/06/2015 1 0.00 23/06/2015 English Books Written off on approval by DLB (By Circulation); dtd 15-06-2023

© Delhi Public Library
Hit Counter
free hit counter